History Quiz

Random History or Famous Quiz
Score 0/30 Timer 05:00
1 Play Today
% Correct
Christopher
95.6%
Charles
95.3%
Celine
94.9%
Coco
93%
Condoleezza
92.3%
Clark
91.6%
Claude
91.2%
Cassius
91.1%
Carlos
88.9%
Colin
88.7%
Charlton
87.9%
Charlotte
87.3%
Camilla
85.6%
Carl
81.3%
Cristiano
73.2%
% Correct
Chico
71.7%
Clara
71.4%
Calvin
68.2%
Corazon
65.8%
Cecil
62.9%
Carroll
61%
Christiaan
60.5%
Claudio
56.3%
Clement
56%
Claudius
46.2%
Clive
39.4%
Cordell
33.7%
Cristina
32.4%
Cuno
19.5%
Caroline
9.5%
Remove Ads.
Support Sporcle.
Get the best of Sporcle when you Go Orange. This ad-free experience offers more features, more stats, and more fun while also helping to support Sporcle. Thank you for becoming a member.

You're not logged in!

Compare scores with friends on all Sporcle quizzes.
OR
Log In

Show Comments

Extras

Top Quizzes Today


Score Distribution

Your Account Isn't Verified!

In order to create a playlist on Sporcle, you need to verify the email address you used during registration. Go to your Sporcle Settings to finish the process.

Report this User

Report this user for behavior that violates our Community Guidelines.

Details: